000 01438nam a22002777a 4500
001 EPSA 0172
003 gtcocun
005 20250908165857.0
006 a||||gr|||| 00| 0
007 ta
008 250908b2018 gt ||||| m||| 00| 0 eng d
040 _agtcocun
_bSPA
_cgtcocun
_eRDA
041 _aSPA EPSA 0172
084 _0EPSA 0172
100 _aSierra Chén, Rooshel Magnolia
_eAutor
245 _aINFORME FINAL DEL EJERCICIO PROFESIONAL SUPERVISADO REALIZADO EN COORDINACIÓN DE LAS CARRERAS DE ADMINISTRACIÓN DE EMPRESAS Y CONTADURÍA PÚBLICA Y AUDITORÁ DEL CENTRO UNIVERSITARIO DEL NORTE (CUNOR) COBÁN, ALTA VERAPAZ./
_cRooshel Magnolia Sierra Chén.
_hImpreso
264 _aCobán, Alta Verapaz:
_bUniversidad de San Carlos de Guatemala, Centro Universitario del Norte, Licenciatura en Administración de Empresas
_c2018
300 _a99 p.:
_bIlustraciones, gráficas.
_c28 cm;
502 _eEPSA 0172
502 _aEjercicio Profesional Supervisado
_bLicenciatura en Administración de Empresas,
_cUniversidad de San Carlos de Guatemala, Centro Universitario del Norte, Licenciatura en Administración de Empresas
_d2018
_oEPSA 0172
650 1 4 _2LEMB
_aCobán, Alta Verapaz.
_xAdminsitración
_xCiencias
_xProyectos
_xAuditoría
_xContaduría
700 _eAsesor
856 _uSin archivo en línea.
_zSin archivo en línea.
942 _2ddc
_cTES
_iEPSA 0172
_kClasificación
_n0
_6EPSA_0172_000000000000000
999 _c1736
_d1736